00246nam a2200085Ia 4500008004100000100002000041245004900061260004200110300000800152201223s9999 xx 000 0 und d aMcLane, John R. 0aLand & local kingship in 18th ecntury bengal aCambridgebCambridge University Press a342